Score 0/28 Timer 03:00
1 Play Today
Clue 3-Letter Word % Correct
24 hoursDAY
93%
An instance of striking or being struckHIT
91.7%
The pointed end of somethingTIP
90.7%
Projection of the pelvis and upper thigh boneHIP
90.5%
Highest in position or degreeTOP
89.9%
Removable cover for the top of a container LID
89.7%
Place where Guinan serves drinksBAR
89.6%
To put down, gently or carefullyLAY
89.6%
Boy or young manLAD
89.5%
Object in which groceries are transportedBAG
89.1%
Male sheepRAM
89.1%
To fall behind in movementLAG
89%
★ TNG Captain Jean-___ Picard ★LUC
88.2%
To carry around a heavy objectLUG
87.9%
Clue 3-Letter Word % Correct
To help or supportAID
83.1%
Different, strangeODD
82.2%
★ VOY Helmsman and Medic Lt. ___ Paris ★TOM
81.8%
Memory hardware, allowing access to stored dataROM
81%
Wisconsin's Fond du ___LAC
80.5%
Not sufficiently strictLAX
79.7%
★ DS9 Science Officer Lt. Cmdr. Jadzia ___DAX
78.9%
To increase in amount or degreeADD
78.6%
A set of articles or equipment needed for a specific purposeKIT
73.6%
★ TOS Captain ___ Kirk ★JIM
72.6%
★ TNG Security Officer Lt. Tasha ___YAR
68.5%
The edible starchy tuber of a climbing plantYAM
67.1%
★ VOY Operations Officer Ensign Harry ___KIM
66.3%
★ DS9 Security Chief Constable ___ODO
45.1%

Today's Daily Dose

Missing Word
I Hardly Know Her!

Word Ladder
Sentence Ending

Quick Pick
Female Firsts

Get the Picture
Triathlon Sports

Remove Ads.
Support Sporcle.
Get the best of Sporcle when you Go Orange. This ad-free experience offers more features, more stats, and more fun while also helping to support Sporcle. Thank you for becoming a member.

You're not logged in!

Compare scores with friends on all Sporcle quizzes.
OR
Log In

Show Comments

Extras

Top Quizzes Today


Score Distribution

Your Account Isn't Verified!

In order to create a playlist on Sporcle, you need to verify the email address you used during registration. Go to your Sporcle Settings to finish the process.

Report this User

Report this user for behavior that violates our Community Guidelines.

Details: